<?xml version="1.0" encoding="UTF-8"?>
<record
    xmlns:xsi="http://www.w3.org/2001/XMLSchema-instance"
    xsi:schemaLocation="http://www.loc.gov/MARC21/slim http://www.loc.gov/standards/marcxml/schema/MARC21slim.xsd"
    xmlns="http://www.loc.gov/MARC21/slim">

  <leader>00986nam a2200265 i 4500</leader>
  <controlfield tag="001">14602</controlfield>
  <controlfield tag="003">ES-MaACL</controlfield>
  <controlfield tag="005">20231218195838.0</controlfield>
  <controlfield tag="007">t|</controlfield>
  <controlfield tag="008">990429s1998    sp           ||||1|dspa d</controlfield>
  <datafield tag="020" ind1=" " ind2=" ">
    <subfield code="a">84-03-59503-4</subfield>
  </datafield>
  <datafield tag="080" ind1=" " ind2=" ">
    <subfield code="a">929:821.134.2"19"(089.3)</subfield>
  </datafield>
  <datafield tag="080" ind1=" " ind2=" ">
    <subfield code="a">929(460)"19"</subfield>
  </datafield>
  <datafield tag="100" ind1="1" ind2=" ">
    <subfield code="a">Carabias, Josefina,</subfield>
    <subfield code="d">1908-1980</subfield>
    <subfield code="9">34924</subfield>
  </datafield>
  <datafield tag="245" ind1="1" ind2="0">
    <subfield code="a">Como yo los he visto </subfield>
    <subfield code="b">: encuentros con Valle-Incl&#xE1;n, Unamuno, Baroja, Mara&#xF1;&#xF3;n, Pastora Imperio, Ramiro de Maeztu y Belmonte / </subfield>
    <subfield code="c">Josefina Carabias ; pr&#xF3;logo de Victoria Prego.</subfield>
  </datafield>
  <datafield tag="260" ind1=" " ind2=" ">
    <subfield code="a">Madrid : </subfield>
    <subfield code="b">El Pa&#xED;s : </subfield>
    <subfield code="b">Aguilar, </subfield>
    <subfield code="c">[1998]</subfield>
  </datafield>
  <datafield tag="300" ind1=" " ind2=" ">
    <subfield code="a">223 p. ; </subfield>
    <subfield code="c">24 cm.</subfield>
  </datafield>
  <datafield tag="599" ind1=" " ind2=" ">
    <subfield code="a">En cub.: fot. de Valle-Incl&#xE1;n con Josefina Carabias.</subfield>
  </datafield>
  <datafield tag="650" ind1="0" ind2="4">
    <subfield code="a">Generaci&#xF3;n del 98 (Literatura)</subfield>
    <subfield code="9">13051</subfield>
  </datafield>
  <datafield tag="650" ind1=" " ind2="4">
    <subfield code="a">Escritores espa&#xF1;oles-</subfield>
    <subfield code="y">S.XX-</subfield>
    <subfield code="x">An&#xE9;cdotas.</subfield>
    <subfield code="9">154127</subfield>
  </datafield>
  <datafield tag="650" ind1="0" ind2="4">
    <subfield code="a">Espa&#xF1;oles-</subfield>
    <subfield code="y">S.XX-</subfield>
    <subfield code="x">Biograf&#xED;as.</subfield>
    <subfield code="9">12480</subfield>
  </datafield>
  <datafield tag="700" ind1="1" ind2=" ">
    <subfield code="a">Prego, Victoria.</subfield>
    <subfield code="9">93746</subfield>
  </datafield>
  <datafield tag="852" ind1=" " ind2=" ">
    <subfield code="a">ES-MaACL</subfield>
    <subfield code="j">L-21814</subfield>
  </datafield>
  <datafield tag="999" ind1=" " ind2=" ">
    <subfield code="c">14602</subfield>
    <subfield code="d">14602</subfield>
  </datafield>
  <datafield tag="952" ind1=" " ind2=" ">
    <subfield code="0">0</subfield>
    <subfield code="1">0</subfield>
    <subfield code="4">0</subfield>
    <subfield code="7">0</subfield>
    <subfield code="a">ATENEOM</subfield>
    <subfield code="b">ATENEOM</subfield>
    <subfield code="c">DEPO2</subfield>
    <subfield code="d">2008-01-17</subfield>
    <subfield code="e">SC</subfield>
    <subfield code="l">0</subfield>
    <subfield code="o">L-21814</subfield>
    <subfield code="p">1014850</subfield>
    <subfield code="r">2023-02-23 00:00:00</subfield>
    <subfield code="w">2023-02-23</subfield>
    <subfield code="y">MONOGRAFIA</subfield>
  </datafield>
</record>
